000
00332 a2200145 4500
001
51624
020
_a
040
_c
Anchieta - Pituba
100
_a
SANTOS, Henrique Julio Vieira Gonçalves dos
240
1
0
_a
2ª Quimica, I unidade
_l
por
245
1
0
_a
2ª Quimica, I unidade
300
_a
10
650
4
_a
Química
942
_c
BK
999
_c
51624
_d
51624